Culture Générale - Série 2273 - Statistiques

Statistiques générales
  • Ce quiz a été pris 149 fois
  • Le résultat moyen est 5 sur 10
Statistiques - réponses
Question Réponse % Correct
Comment se nomme le fruit issu du croisement entre la mandarine et l'orange ? clémentine
92%
Quel mot d'origine anglaise qualifie un tireur d'élite embusqué ? sniper
89%
Dans le conte des Mille et Une Nuits "Ali Baba et les Quarante Voleurs", quel nom de graine faut-il prononcer pour ouvrir l'entrée de la caverne dans laquelle les quarante voleurs ont caché un trésor ? sésame
85%
De quel pays Mascate est-il la capitale ? Oman
63%
Comment s’appelait, dans la mythologie grecque, ce groupe de héros, emmenés par Jason, qui s’embarquèrent à la recherche de la Toison d’or ? Argonautes
60%
Quel animal est l'alose ? poisson
57%
De quel pays Kampala est-il la capitale ? Ouganda
56%
Comment appelle-t-on un habitant blanc créole de la Martinique ou de la Guadeloupe descendant des premiers colons européens ? béké
30%
Dans le film "Les enfants du paradis" réalisé en 1945 par Marcel Carné , quel personnage incarne Arletty ? voir photo Garance
9%
Sous quel nom connait-on mieux l'animal appelé warrigal ? dingo
5%
Aucun quiz correspondant
Distribution des résultats
% des personnes avec chaque résultat
Percentile par nombre de réponses
Votre historique - résultats
Vous n’avez pas pris ce quiz